Díaz Infante visto por Miguel Ángel. (Registro nro. 437082)
[ vista simple ]
| 000 -LÍDER | |
|---|---|
| Campo fijo de descripción fija | 00835nam a22002657a 4500 |
| 003 - IDENTIFICADOR DEL NÚMERO DE CONTROL | |
| Campo de control | BCEG |
| 005 - FECHA Y HORA DE LA ULTIMA TRANSACCIÓN | |
| control field | 20260220170622.0 |
| 008 - ELEMENTOS DE LONGITUD FIJA -- INFORMACIÓN GENERAL | |
| Campo fijo de descripción fija -- Información general | 260220s1979 mx|||||| |||| 00| 0 spa d |
| 040 ## - FUENTE DE CATALOGACIÓN | |
| Agencia de catalogación original | BCEG |
| Idioma de catalogación | spa |
| Agencia que realiza la transcripción | BCEG |
| 082 04 - NÚMERO DE CLASIFICACIÓN DECIMAL DEWEY | |
| Número de clasificación | 720.972 |
| Clave de autor-Numero de item | G984d |
| 100 1# - ASIENTO PRINCIPAL--NOMBRE PERSONAL | |
| Nombre del autor personal | Gutiérrez, Miguel Ángel. |
| 245 10 - TÍTULO PROPIAMENTE DICHO | |
| Título | Díaz Infante visto por Miguel Ángel. |
| 260 ## - PUBLICACIÓN, DISTRIBUCIÓN, ETC. (PIE DE IMPRENTA) | |
| Lugar de publicación, distribución, etc. | [México] : |
| Nombre del editor, distribuidor, etc. | Centro Asturiano, |
| Fecha de publicación, distribución, etc. | 1979. |
| 300 ## - DESCRIPCIÓN FÍSICA | |
| Extensión | 79 h. |
| Otros detalles físicos | : il., fots. |
| 541 ## - NOTA DE FUENTE INMEDIATA DE ADQUISICIÓN | |
| Nota de fuente de adquisición | Donación. |
| 600 ## - ENCABEZAMIENTO DE MATERIA. AUTOR PERSONAL | |
| Nombre personal | Díaz Infante, Juan José, |
| Fechas asociadas con el nombre | 1936-2012, |
| Subdivisión general | Crítica e interpretación. |
| 650 14 - ASIENTO SECUNDARIO DE MATERIA - TERMINO TEMÁTICO | |
| Término temático o nombre geográfico como elemento de entrada | Arquitectos mexicanos. |
| 650 14 - ASIENTO SECUNDARIO DE MATERIA - TERMINO TEMÁTICO | |
| Término temático o nombre geográfico como elemento de entrada | Arquitectura mexicana. |
| 650 14 - ASIENTO SECUNDARIO DE MATERIA - TERMINO TEMÁTICO | |
| Término temático o nombre geográfico como elemento de entrada | Dibujo mexicano. |
| Subdivisión general | Técnica. |
| 700 1# - ASIENTO SECUNDARIO - NOMBRE PERSONAL | |
| Nombre personal | Maya Gómez., Ignacio, |
| Función o responsabilidad del autor | ed. |
| 700 1# - ASIENTO SECUNDARIO - NOMBRE PERSONAL | |
| Nombre personal | Palacios Torres, Jaime, |
| Función o responsabilidad del autor | ed. |
| 700 1# - ASIENTO SECUNDARIO - NOMBRE PERSONAL | |
| Nombre personal | Acévez, Mariano, |
| Función o responsabilidad del autor | pres. |
| 700 1# - ASIENTO SECUNDARIO - NOMBRE PERSONAL | |
| Nombre personal | Wilkins Payan, Arturo, |
| Función o responsabilidad del autor | pres. |
| 942 ## - TIPO DE MATERIAL (KOHA) | |
| Tipo de Item KOHA | Libro |
| No para Préstamo | Colección | Biblioteca de Origen | Biblioteca Permanente | Fecha de Adquisición | Fuente de Adquisicion | Total de Préstamos | Signatura Topográfica | Código de Barras | Última vez visto | Tipo de Material |
|---|---|---|---|---|---|---|---|---|---|---|
| Material en Reserva | General | Biblioteca Central Estatal de Guanajuato, "Wigberto Jiménez Moreno" | Biblioteca Central Estatal de Guanajuato, "Wigberto Jiménez Moreno" | 20/02/2026 | DONAD | 720.972 G984d | BCEG8655230953 | 20/02/2026 | Libro |